000 01261nam a22002657a 4500
005 20170124103221.0
010 _aA-974049
020 _c800.00
035 _aA-974049
037 _bCen Lib/Ret
040 _aDPL
_bHN
082 _a954.42
_bभाटीह
100 _aभाटी, हरि सिंह
_94584
245 _aगज़नी से जैसलमेर :
_cहरि सिंह भाटी
_bभाटियों का पूर्व-मध्यकालीन इतिहास /
246 _aGhazni se jaisalmer : Bhatiyon ka purv-madhyakaleen itihas /
_bby Hari Singh Bhati
260 _aबीकानेर
_bहरि सिंह भाटी
_c1998
270 _aहनुमानजी मंदिर के पास पुराना गिन्नानी
_bबीकानेर
_e334001
300 _a608पृ.
_c25सेमी(सजिल्द)
500 _aअनुक्रमणिका शामिल
650 _aइतिहास
_9114098
650 _aइतिहास--गज़नी से जैसलमेर
_949642
650 _aHistory
_9114099
650 _aHistory--Ghazni to Jaisalmer
_9101518
942 _2ddc
_cHN
_h954.42
_mभाटीह
999 _c121877
_d121877